000 00236nam a2200097Ia 4500
008 230508s9999 xx 000 0 und d
041 _aeng
100 _aCHOUDHARI S K
245 _aDESIGN OF MACHINE TOOLS
260 _bALL IND.COUNCIL FOR
999 _c735657
_d735657